| 000 | 00371cam a22001215a 4500 | ||
|---|---|---|---|
| 020 | _a1424479274 | ||
| 020 | _a9781424479276 | ||
| 040 | _cDLC | ||
| 082 | _a793 LEE 2014 A088 Or. | ||
| 245 | 0 | 0 | _a2014 36th annual international conference of the ieee engineering in medicine and biology society (embc 2014). |
| 260 |
_aPiscataway : _bIeee Press Books, _c2014. |
||
| 942 | _cEK | ||
| 999 |
_c15883 _d15883 |
||